000 00526nam a2200181Ia 4500
005 20250508161039.0
008 008 250505s9999 xx 000 0 eng d
037 _aBooks to be hide in OPAC
040 _aFEDL
_beng
_cFEDL
041 _aeng
_2eng
084 _a510.78, ASH/O
_qFEDL
100 _aAshley Ruth
_9770105
245 0 _aBack ground math for a computer world
260 _aNew York, USA
_bJohn Wiley and Sons
_c1973
300 _a286p.
942 _cHB
_h510.78, ASH/O
999 _c1368124
_d1368124